A course in advanced calculus

Αποθηκεύτηκε σε:
Λεπτομέρειες βιβλιογραφικής εγγραφής
Κύριος συγγραφέας: Borden, Robert S.
Μορφή: Βιβλίο
Γλώσσα:English
Δημοσίευση: Mineola, New York : Dover Publications, 1997
Θέματα:
Ετικέτες: Προσθήκη ετικέτας
Δεν υπάρχουν, Καταχωρήστε ετικέτα πρώτοι!

MARC

LEADER 00000nam a2200000 i 4500
001 1/72920
008 050309s1997 eng d
020 |a 0-486-67290-5 (pbk.) 
035 |l 10076955 
040 |a GR-MY-UA  |b gre  |e aacr 
041 0 |a eng 
082 0 |a 515  |2 (21) 
100 1 |a Borden, Robert S. 
245 1 2 |a A course in advanced calculus /  |c Robert S. Borden 
260 |a Mineola, New York :   |b Dover Publications,   |c 1997 
300 |a xii, 419 σ.  |b 22 εκ. 
500 |a Contains the unabridged and slightly corrected text ... verso. 
504 |a Περιλαμβάνει βιβλιογραφικές αναφορές και ευρετήριο 
650 0 0 |a Calculus. 
852 |a INST  |b CHIOS  |e 20050309  |h 515 BOR  |p 005200021907  |q 005200021907  |t BK  |y 0 
901 |a BIBL2-2005-1 
909 |a Χ  |b 112995 
920 |a ΔΙΕΥΡΥΝΣΗ  |b ΕΠΕΑΕΚ-ΤΜΟΔ  |y ΧΙΟΣ  |z 2004-12 
970 |a ΧΑΖΙΡΗ  |b ΑΝΝΑ  |z 2005/03/09